zpět

Detail výsledku týmu

Dno pytle - Vinohrady, Praha

Datum a čas kvízu

29.5 Celkem bodů Celkový počet nahraných bodů na tomto kvízu bez doplňovacích otázek.
8. Pořadí na kvízu Konečné umístění týmu na tomto kvízu.

Zaznamenané odpovědi

# Otázka Odpověď Body Výsledky
1. Motorkáři z Ruska dorazili v p... 1
2. Polská policie musela ve střed... 1
3. Ještě nikdy ve své historii ne... 1
4. Společnost Apple využije k vyl... 0
5. Jak se jmenuje tým, který vyřa... 0
6. Také se Vám někdy stane, že v... 1
7. Okrajový; mezní; podružný, ned... 1
8. Vzpomeňte si na jednu dříve ho... 0
9. Ve filmu Tajemství hradu v Kar... 0
10. Jaký je význam slova frigidní,... 1